अपराध - कथाएँ (Record no. 1467338)

MARC details
000 -LEADER
fixed length control field 01153 a2200253 4500
005 - DATE AND TIME OF LATEST TRANSACTION
control field 20260406155416.0
008 - FIXED-LENGTH DATA ELEMENTS--GENERAL INFORMATION
fixed length control field 260406b |||||||| |||| 00| 0 eng d
020 ## - INTERNATIONAL STANDARD BOOK NUMBER
International Standard Book Number 9788173094620 (hbk)
037 ## - SOURCE OF ACQUISITION
Terms of availability TB
040 ## - CATALOGING SOURCE
Original cataloging agency CRL
Transcribing agency CRL
041 ## - LANGUAGE CODE
Source of code hin
Language code of text/sound track or separate title hin
Language code of original eng
084 ## - COLON CLASSIFICATION NUMBER
Classification number O111,3x 152Q0
Assigning agency CRL
245 ## - TITLE STATEMENT
Title अपराध - कथाएँ
260 ## - PUBLICATION, DISTRIBUTION, ETC.
Place of publication, distribution, etc. नई दिल्ली, भारत:
Name of publisher, distributor, etc. सस्ता साहित्य मण्डल प्रकाशन,
Date of publication, distribution, etc. 2010.
300 ## - PHYSICAL DESCRIPTION
Extent 211पृ.
546 ## - LANGUAGE NOTE
Language note Transleted from English to Hindi
650 ## - SUBJECT ADDED ENTRY--TOPICAL TERM
Topical term or geographic name entry element अंग्रेजी कहानी
9 (RLIN) 158967
650 ## - SUBJECT ADDED ENTRY--TOPICAL TERM
Topical term or geographic name entry element अंग्रेजी साहित्य
700 ## - ADDED ENTRY--PERSONAL NAME
Personal name बॉण्ड, रस्किन
Relator term सम्पादक
700 ## - ADDED ENTRY--PERSONAL NAME
Personal name शर्मा, सरिता
Relator term अनुवादक
9 (RLIN) 1234161
700 ## - ADDED ENTRY--PERSONAL NAME
Personal name कश्यप, अभिषेक
Relator term अनुवादक
9 (RLIN) 1234162
942 ## - ADDED ENTRY ELEMENTS (KOHA)
Koha item type Textbook
Source of classification or shelving scheme Colon Classification (CC)
Classification part O111,3x 152Q0
Holdings
Withdrawn status Lost status Source of classification or shelving scheme Damaged status Not for loan Home library Current library Date acquired Source of acquisition Cost, normal purchase price Inventory number Total Checkouts Full call number Barcode Date last seen Cost, replacement price Price effective from Koha item type
    Colon Classification (CC)     Central Library Central Library 2026-02-05 108/ सस्ता साहित्य मंडल 200.00 955 & 2026-01-20   O111,3x 152Q0 CL1925728 2026-02-05 250.00 2026-02-05 Textbook
Copyright @ Delhi University Library System